00764nam a2200217 a 450000100100000000500170001000800410002704000250006808200200009310000450011324500470015826000430020530000210024849000220026965000280029165000320031983000290035191000280038095201230040899900150053100000779620200929154312.0910207s1988 cu 000 0 spa  aDO-SdBNPbspadBNPHU aV863.44bU86ó1 aUslar Pietri, Arturo,d1906-2001.91262310aOficio de difuntos /cArturo Uslar Pietri. aLa Habana :bArte y Literatura,c1988. a427 p. ;c18 cm.1 aBolsilibros A. L. 4aNovela venezolana93962 4aLiteratura venezolana93816 0aBolsilibros A. L.921505 aCatalogación derivada 001052708MOaGRbGRcCTd2009-09-10iLF1l0oV863.44 U86óp7796-10r2020-06-25w2020-06-25y2ZPréstamo interno c7574d7574